Populist and Islamist Challenges for International Law

Detalles Bibliográficos
Autor principal: Guiora, Amos
Otros Autores: Cliteur, Paul
Formato: eBook
Lenguaje:inglés
Publicado: Chicago: American Bar Association, 2019
Materias:
Acceso en línea:Acceso restringido

MARC

LEADER 00000nam a22000007a 4500
005 20210225230751.0
007 cr|||| ||||
008 210225s2019 us |||||s|||| 00||0 eng d
020 |a 978-1-64105-491-1 
035 |a 32412 
040 |a vLex 
090 |c 11293  |d 11293 
100 1 |a Guiora, Amos 
245 1 0 |a Populist and Islamist Challenges for International Law  |h [Recurso electrn̤ico] /  |c Amos Guiora, Paul Cliteur 
256 |a Servicio en ln̕ea 
260 |a Chicago:  |b American Bar Association,  |c 2019 
300 |a 1 recurso electrn̤ico 
506 1 |a Disponible solo en los productos indicados  |d vLex Global  |d vLex Global (Academic Edition, excluding Law Schools)  |d vLex Global (Academic Edition, Law Schools) 
650 0 4 |a Derecho Internacional  |z Estados Unidos 
700 1 |a Cliteur, Paul 
740 0 |a vLex Libros (Servicio en ln̕ea) 
856 4 0 |u http://vlex.com/source/populist-islamist-challenges-international-law-32412  |z Acceso restringido 
942 |c BOOK 
999 0 |a International right